ბათუმის შოთა რუსთაველის სახელმწიფო უნივერსიტეტის ბიბლიოთეკა

Краны-трубоукладчики. (ბიბ.ჩანაწერი № 38194)

000 -LEADER
fixed length control field 00617nam a2200229Ia 4500
001 - CONTROL NUMBER
control field 4184
003 - CONTROL NUMBER IDENTIFIER
control field GE_BSU
008 - FIXED-LENGTH DATA ELEMENTS--GENERAL INFORMATION
fixed length control field 181216s||||||||xx |||||||||||||| ||und||
040 ## - CATALOGING SOURCE
Transcribing agency GE_BSU
080 ## - UNIVERSAL DECIMAL CLASSIFICATION NUMBER
Universal Decimal Classification number 621.87(075.32)
100 ## - MAIN ENTRY--PERSONAL NAME
Personal name Дудоладов,Ю.А. Саттаров,Т.Х.
245 ## - TITLE STATEMENT
Title Краны-трубоукладчики.
245 ## - TITLE STATEMENT
Remainder of title Учеб.
250 ## - EDITION STATEMENT
Edition statement 4-е изд. перераб. и. доп.
260 ## - PUBLICATION, DISTRIBUTION, ETC.
Place of publication, distribution, etc. М.
260 ## - PUBLICATION, DISTRIBUTION, ETC.
Name of publisher, distributor, etc. Высш. шк.
260 ## - PUBLICATION, DISTRIBUTION, ETC.
Date of publication, distribution, etc. 1986.
300 ## - PHYSICAL DESCRIPTION
Extent 264 стр. 22 см.
300 ## - PHYSICAL DESCRIPTION
Accompanying material табл.
653 ## - INDEX TERM--UNCONTROLLED
Uncontrolled term Краны-трубоукладчики.
942 ## - ADDED ENTRY ELEMENTS (KOHA)
Koha item type წიგნი
ეგზემპლარები
Withdrawn status Lost status Damaged status Not for loan Date acquired Barcode Date last seen Price effective from Koha item type Public note
        2018-12-17 9371 2018-12-17 2018-12-17 წიგნი საცავი